All TF2 Heavy Weapons - Statistics

General Stats
  • This quiz has been taken 16 times
  • The average score is 21 of 24
Answer Stats
Weapon Slot Weapon % Correct
Primary Brass Beast
100%
Melee Fists
100%
Primary Minigun
100%
Primary Natascha
100%
Secondary Panic Attack
100%
Secondary Sandvich
100%
Secondary Second Banana
100%
Secondary Shotgun
100%
Primary Tomislav
100%
Secondary Family Business
92%
Melee Fists of Steel
92%
Primary Huo-Long Heater
92%
Primary Iron Curtain
92%
Secondary Buffalo Steak Sandvich
83%
Secondary Dalokohs Bar
83%
Melee Eviction Notice
83%
Melee Gloves of Running Urgently
83%
Melee Holiday Punch
83%
Secondary Fishcake
75%
Melee Killing Gloves of Boxing
75%
Melee Warrior's Spirit
75%
Secondary Robo-Sandvich
67%
Melee Apoco-Fists
58%
Melee Bread Bite
58%
No matching quizzes found
Score Distribution
Percent of People with Each Score
Percentile by Number Answered
Your Score History
You have not taken this quiz